Využitie mobilného vzdelávania vo vyučovaní
Predstavenie vybraných webových a mobilných aplikácií vo vyučovacím procese. Mobilné vzdelávanie je v súčasnosti významným fenoménom v kontexte zavádzania IKT do vyučovania. Využívanie daných technológií by malo rešpektovať predovšetkým didaktické princípy využovacích predmetov.
Salvato in:
| Autore principale: | |
|---|---|
| Natura: | Capitolo di libro |
| Lingua: | slovacco |
| Soggetti: | |
| Tags: |
Nessun Tag, puoi essere il primo ad aggiungerne!!
|
MARC
| LEADER | 00000naa$a2200000$$$4500 | ||
|---|---|---|---|
| 001 | 0249763 | ||
| 005 | 20240502083712.1 | ||
| 041 | 0 | |a slo | |
| 044 | |a CZ | ||
| 245 | 1 | 0 | |a Využitie mobilného vzdelávania vo vyučovaní |c Ladislav Pasiar |
| 520 | |a Predstavenie vybraných webových a mobilných aplikácií vo vyučovacím procese. Mobilné vzdelávanie je v súčasnosti významným fenoménom v kontexte zavádzania IKT do vyučovania. Využívanie daných technológií by malo rešpektovať predovšetkým didaktické princípy využovacích predmetov. | ||
| 610 | 2 | 0 | |a vyučovanie |
| 610 | 2 | 0 | |a vzdelávanie |
| 610 | 2 | 0 | |a technológie nové |
| 610 | 2 | 0 | |a technológie informačné |
| 610 | 2 | 0 | |a technológie komunikačné |
| 610 | 2 | 0 | |a elektronizácia |
| 610 | 2 | 0 | |a aplikácie mobilné |
| 100 | 1 | |a Pasiar, Ladislav, 1984- | |